Statistiques concernant Les meilleurs buteurs de Ligue 1

Cliquez ici pour prendre le quiz!

Statistiques générales

  • Ce quiz a été pris 1 199 fois
  • Le résultat moyen est 14 sur 21

Statistiques - réponses

SaisonClub d'appartenanceJoueur% Correct
2014/2015LyonAlexandre Lacazette
94%
2012/2013Paris SGZlatan Ibrahimovic
93%
2013/2014Paris SGZlatan Ibrahimovic
93%
2011/2012Montpellier HSCOlivier Giroud
90%
Girondins de BordeauxPedro Miguel Pauleta
80%
2006/2007Paris SGPedro Miguel Pauleta
80%
2005/2006Paris SGPedro Miguel Pauleta
80%
2003/2004AJ AuxerreDjibril Cissé
73%
2001/2002AJ AuxerreDjibril Cissé
73%
2008/2009Toulouse FCAndré-Pierre Gignac
72%
2007/2008LyonKarim Benzema
71%
2009/2010Olympique de MarseilleMamadou Niang
61%
1999/2000LyonSonny Anderson
56%
2000/2001LyonSonny Anderson
56%
1995/1996AS MonacoSonny Anderson
56%
2010/2011Lille OSCMoussa Sow
53%
2004/2005RennesAlexander Frei
40%
1997/1998AJ AuxerreStephane Guivarch
39%
1996/1997RennesStephane Guivarch
39%
2002/2003AS MonacoShabani Nonda
36%
1998/1999Girondins de BordeauxSylvain Wiltord
34%

Distribution des résultats

Percentile par nombre de réponses

% des personnes avec chaque résultat

Votre développement - résultats

Vous n’avez pas pris ce quiz